| 000 | 00820cam a2200241 4500 | ||
|---|---|---|---|
| 008 | 000000n2001 000 0 eng u | ||
| 020 | _a0419246304 | ||
| 035 | _a(Sirsi) u112640 | ||
| 050 | _a333.78 | ||
| 100 | _aHoldaway, Edward | ||
| 245 | _aLandscapes at risk? The future for areas of outstanding natural beauty. | ||
| 260 |
_aLondon _bSpon Press _c2001 |
||
| 300 | _a242p. : ill. ; 25cm. | ||
| 350 | _a39.99 | ||
| 520 | _aCovers the history and development of AONBs before examining the policies and practices needed for their long-term well-being. Includes case studies. | ||
| 650 | _aLANDSCAPE CONSERVATION | ||
| 650 | _aLAND MANAGEMENT | ||
| 650 | _aAREAS OF OUTSTANDING NATURAL BEAUTY | ||
| 650 | _aRURAL AREAS | ||
| 690 | _aRURAL-NATURE CONSERVATION | ||
| 700 | _aSmart, Gerald | ||
| 942 | _n0 | ||
| 999 |
_c101458 _d101458 |
||